Normal view MARC view
  • Digital Image Processing

Entry Topical Term

Number of records used in: 16

001 - CONTROL NUMBER

  • control field: 109234

003 - CONTROL NUMBER IDENTIFIER

  • control field: NUST

005 - DATE AND TIME OF LATEST TRANSACTION

  • control field: 20230220091652.0

008 - FIXED-LENGTH DATA ELEMENTS

  • fixed length control field: 230220|| aca||aabn | a|a d

040 ## - CATALOGING SOURCE

  • Original cataloging agency: NUST
  • Transcribing agency: NUST

150 ## - HEADING--TOPICAL TERM

  • Topical term or geographic name entry element: Digital Image Processing

670 ## - SOURCE DATA FOUND

  • Source citation: Work cat.: (NUST): A. Joshi, Madhuri 109233, Digital Image Processing :, 2006
© 2023 Central Library, National University of Sciences and Technology. All Rights Reserved.